[Event "Amagermesterskabet 2009"]
[Site "Sundbyoster"]
[Date "2009.10.06"]
[Round "5"]
[White "Jensen, Thore Nyboe"]
[Black "Varming, Thomas"]
[Result "1-0"]
[WhiteElo "1989"]
[BlackElo "1760"]
[PlyCount "67"]
[EventDate "2009.??.??"]

1. e4 c6 2. d4 d5 3. Nc3 dxe4 4. Nxe4 Nf6 5. Ng3 h5 6. h4 e5 7. Nf3 Bg4 8. dxe5
Qxd1+ 9. Kxd1 Nd5 10. c4 Nc7 11. Be2 Nd7 12. Re1 O-O-O 13. Kc2 Bc5 14. Ne4 Bf5
15. Bd3 Bxe4 16. Rxe4 Bxf2 17. Rf4 Bg3 18. Rxf7 Rhf8 19. Re7 Nc5 20. Bg6 N5e6
21. Bxh5 Nd4+ 22. Nxd4 Rxd4 23. b3 Rf2+ 24. Kc3 Re4 25. Kd3 Rxh4 26. Bf3 Na6
27. Ba3 Bf4 28. Bd6 Bh6 29. Rd1 Bf4 30. Rxg7 Rh8 31. Bg4+ Kd8 32. Kc3 Rxg2 33.
Bc7+ Ke8 34. Rd8# 1-0

[Event "Amagermesterskabet 2009"]
[Site "Sundbyoster"]
[Date "2009.10.06"]
[Round "5"]
[White "Haagen Larsen, Hans"]
[Black "Lunding, Peter M"]
[Result "1/2-1/2"]
[WhiteElo "1652"]
[BlackElo "1933"]
[PlyCount "77"]
[EventDate "2009.??.??"]

1. e4 e6 2. d4 d5 3. Nd2 c5 4. exd5 exd5 5. Ngf3 Nf6 6. h3 Nc6 7. Bb5 a6 8.
Bxc6+ bxc6 9. O-O Be7 10. dxc5 O-O 11. b4 a5 12. c3 Qc7 13. Nb3 Ne4 14. Qc2 Bf6
15. Bb2 Bf5 16. Nbd4 Bg6 17. Qc1 Rfe8 18. a3 Re7 19. c4 dxc4 20. Qxc4 Bxd4 21.
Qxd4 f6 22. Rfc1 Kf8 23. Nh4 Rd8 24. Nxg6+ hxg6 25. Qc4 Nxf2 26. Rc2 Nxh3+ 27.
gxh3 Qg3+ 28. Rg2 Qe3+ 29. Kh2 Re4 30. Qc1 Qf3 31. Qf1 Qxf1 32. Rxf1 axb4 33.
axb4 Rxb4 34. Bxf6 gxf6 35. Rxf6+ Ke7 36. Rxc6 Rd5 37. Rc2 Rb5 38. Re2+ Kd7 39.
Rxg6 1/2-1/2

[Event "Amagermesterskabet 2009"]
[Site "Sundbyoster"]
[Date "2009.10.06"]
[Round "5"]
[White "Larsen, Julie"]
[Black "Svensson, John Michael"]
[Result "0-1"]
[WhiteElo "1261"]
[BlackElo "1514"]
[PlyCount "54"]
[EventDate "2009.??.??"]

1. e4 Nc6 2. Nf3 d6 3. d4 Bg4 4. Be2 g6 5. Nc3 Bg7 6. d5 Nb8 7. O-O Nf6 8. Bg5
O-O 9. Qd2 c6 10. Qf4 Bxf3 11. Bxf3 Nbd7 12. dxc6 bxc6 13. Rad1 Qc7 14. Bh6 Ne5
15. Bxg7 Kxg7 16. Be2 Rfb8 17. b3 Qa5 18. Na4 Rb4 19. f3 Rb7 20. Kh1 h6 21. c4
c5 22. Qg3 Nc6 23. Ra1 Qd2 24. Rf2 Nh5 25. Qh4 Nd4 26. Bd1 Qe1+ 27. Rf1 Qxf1#
0-1

[Event "Amagermesterskabet 2009"]
[Site "Sundbyoster"]
[Date "2009.10.06"]
[Round "5"]
[White "Larsen, Kim"]
[Black "Kokholm, Daniel"]
[Result "0-1"]
[WhiteElo "1593"]
[BlackElo "1899"]
[PlyCount "50"]
[EventDate "2009.??.??"]

1. c4 e5 2. Nc3 f5 3. d3 Nf6 4. g3 Bc5 5. Na4 Bb4+ 6. Bd2 Be7 7. Bg2 c6 8. c5
b5 9. cxb6 axb6 10. Qb3 b5 11. Nc3 d5 12. Bg5 Be6 13. Qc2 O-O 14. e4 fxe4 15.
dxe4 d4 16. Nd1 Bb4+ 17. Bd2 Qd6 18. a3 Bxd2+ 19. Qxd2 Na6 20. Ne2 Nc5 21. Nc1
Nfxe4 22. Bxe4 Nxe4 23. Qe2 Ng5 24. Nd3 Nf3+ 25. Kf1 Bh3# 0-1

[Event "Amagermesterskabet 2009"]
[Site "Sundbyoster"]
[Date "2009.10.15"]
[Round "5"]
[White "Larsen, Ulrik Jejlskov"]
[Black "Gade, Jens"]
[Result "0-1"]
[WhiteElo "1541"]
[BlackElo "1454"]
[PlyCount "82"]
[EventDate "2009.??.??"]

1. d4 d5 2. e3 Nf6 3. Bd3 Nc6 4. c3 e5 5. dxe5 Nxe5 6. Bc2 Be7 7. Nf3 Bg4 8.
Nbd2 O-O 9. h3 Bh5 10. g4 Nxf3+ 11. Nxf3 Bg6 12. Ne5 Bxc2 13. Qxc2 Qd6 14. f4
Ne4 15. Nf3 b5 16. Bd2 c5 17. O-O-O Nf2 18. Rh2 Nxd1 19. Qxd1 f6 20. Be1 d4 21.
Rd2 Qe6 22. exd4 Qxa2 23. dxc5 Bxc5 24. Qe2 Qa1+ 25. Kc2 Qa4+ 26. Kb1 Rfe8 27.
Qd3 Qe4 28. Qxe4 Rxe4 29. f5 Rae8 30. Rd1 Re3 31. Bf2 Rxf3 32. Bxc5 Rxh3 33.
Bxa7 Rg3 34. Rd4 h6 35. Kc2 Re2+ 36. Kb3 Rgg2 37. Kb4 Rxb2+ 38. Ka5 Rb3 39. Rb4
Rxc3 40. Kxb5 Rcg3 41. Kc5 Rxg4 0-1

[Event "Amagermesterskabet 2009"]
[Site "Sundbyoster"]
[Date "2009.10.06"]
[Round "5"]
[White "Mielow, Bjarne"]
[Black "Moller, Arne Vagn"]
[Result "1/2-1/2"]
[WhiteElo "1621"]
[BlackElo "1735"]
[PlyCount "130"]
[EventDate "2009.??.??"]

1. e4 c5 2. Nf3 d6 3. d4 cxd4 4. Nxd4 Nf6 5. Bd3 a6 6. h3 e6 7. c3 Be7 8. Nd2
Nbd7 9. O-O Nc5 10. Bc2 O-O 11. Qe2 Bd7 12. e5 dxe5 13. Qxe5 Rc8 14. N2f3 Qc7
15. Qxc7 Rxc7 16. Bf4 Rcc8 17. Ne5 Be8 18. Rfe1 Nd5 19. Bg3 b5 20. Nef3 a5 21.
Rad1 Nb6 22. Bf4 Nca4 23. Rb1 b4 24. cxb4 Bxb4 25. Bd2 Bxd2 26. Nxd2 Nd5 27. a3
Bd7 28. Bb3 Nab6 29. N2f3 Ba4 30. Bxa4 Nxa4 31. b4 Nac3 32. Rb2 axb4 33. axb4
Rb8 34. b5 Na4 35. Rb3 Nc5 36. Rbb1 Nc3 37. Rbc1 N3a4 38. Ra1 Rb7 39. Ne5 Rd8
40. Red1 Rd5 41. Nec6 g6 42. Nb4 Rd6 43. Ndc6 Rxd1+ 44. Rxd1 Rxb5 45. f3 Nc3
46. Rd2 N5a4 47. Rd7 Nd5 48. Nd3 Nc5 49. Nxc5 Rxc5 50. Nd8 Rc7 51. Rxc7 Nxc7
52. Nc6 Nd5 53. Kf2 Kg7 54. h4 h6 55. g3 f5 56. Ne5 g5 57. hxg5 hxg5 58. Nd7
Nf6 59. Ne5 Nh5 60. Nd7 Kf7 61. Ne5+ Kf6 62. Nd7+ Ke7 63. Ne5 Ng7 64. Ke2 Nh5
65. Kf2 Ng7 1/2-1/2

[Event "Amagermesterskabet 2009"]
[Site "Sundbyoster"]
[Date "2009.10.06"]
[Round "5"]
[White "Nielsen, Bjorn"]
[Black "Sorensen, Rikke"]
[Result "0-1"]
[WhiteElo "1000"]
[BlackElo "1300"]
[PlyCount "134"]
[EventDate "2009.??.??"]

1. e4 e5 2. Nf3 Nc6 3. Nc3 Nf6 4. Bc4 Bb4 5. O-O d6 6. a3 Bxc3 7. dxc3 Nxe4 8.
Re1 Nf6 9. Nd4 Bd7 10. Nxc6 Bxc6 11. f3 Qd7 12. Bg5 O-O-O 13. Bxf6 gxf6 14. Bd3
h5 15. h3 f5 16. Qd2 Rde8 17. Qf2 b6 18. Ba6+ Kb8 19. a4 Bxa4 20. b3 Bc6 21.
Be2 e4 22. fxe4 fxe4 23. Qe3 f5 24. Qf4 e3 25. Ra3 Qe6 26. Bf3 Bxf3 27. Qxf3
Qe5 28. Qe2 Rhg8 29. Ra4 Qd5 30. Rd4 Qb7 31. Rf1 Ref8 32. Rff4 Rg5 33. c4 Rfg8
34. Rd5 R8g6 35. Rfxf5 Rxf5 36. Rxf5 Qe4 37. Rf3 Re6 38. Rf8+ Re8 39. Rf3 h4
40. Kf1 Kb7 41. Ke1 c6 42. Qd3 d5 43. cxd5 cxd5 44. Qxe4 Rxe4 45. c3 a5 46. Ke2
b5 47. Rxe3 Rxe3+ 48. Kxe3 a4 49. Kd2 Kb6 50. b4 Kc6 51. Kd3 Kd6 52. Kc2 Ke5
53. Kd3 Kd6 54. Kc2 Ke5 55. Kd3 Ke6 56. Kc2 Kf5 57. Kd3 Ke5 58. Kc2 Ke4 59. Kd2
d4 60. c4 bxc4 61. b5 Kd5 62. b6 Kc6 63. b7 Kxb7 64. g3 hxg3 65. h4 g2 66. h5
g1=Q 67. h6 Qe3+ 0-1

[Event "Amagermesterskabet 2009"]
[Site "Sundbyoster"]
[Date "2009.10.06"]
[Round "5"]
[White "Nielsen, Mogens Bach"]
[Black "Petersen, Nils"]
[Result "0-1"]
[WhiteElo "1831"]
[BlackElo "1845"]
[PlyCount "66"]
[EventDate "2009.??.??"]

1. c4 Nf6 2. Nc3 c5 3. g3 Nc6 4. Bg2 e6 5. Nf3 Be7 6. O-O O-O 7. d4 cxd4 8.
Nxd4 d5 9. cxd5 exd5 10. Be3 Ne5 11. b3 a6 12. h3 Be6 13. f4 Nc6 14. f5 Bc8 15.
Nc2 Qd6 16. Kh2 Rd8 17. Bf4 Qc5 18. Na4 Qa5 19. Bd2 Qc7 20. Bf4 Bd6 21. Bxd6
Qxd6 22. Nb6 Rb8 23. Nd4 Nh5 24. Nxc8 Qxg3+ 25. Kh1 Rbxc8 26. Rf3 Qe5 27. Nxc6
Rxc6 28. Kg1 Ng3 29. Rb1 Nxe2+ 30. Kf2 Nc3 31. Qe1 Qd4+ 32. Re3 Nxb1 33. Kg3
Rc3 0-1

[Event "Amagermesterskabet 2009"]
[Site "Sundbyoster"]
[Date "2009.10.06"]
[Round "5"]
[White "Werner, Gert"]
[Black "Falkesgaard, Jorgen"]
[Result "0-1"]
[WhiteElo "1796"]
[BlackElo "1773"]
[PlyCount "98"]
[EventDate "2009.??.??"]

1. c4 Nf6 2. g3 e6 3. Bg2 d5 4. Nf3 Be7 5. O-O O-O 6. d4 b6 7. Nc3 Bb7 8. Ne5
Nbd7 9. Bf4 c5 10. e3 h6 11. cxd5 Nxe5 12. Bxe5 Nxd5 13. e4 Nxc3 14. bxc3 cxd4
15. cxd4 Rc8 16. Qb3 Bf6 17. Bxf6 Qxf6 18. Rfd1 Rfd8 19. d5 exd5 20. exd5 Rc5
21. Rac1 Qd6 22. Rxc5 Qxc5 23. Qd3 g6 24. h4 Kg7 25. h5 Rd6 26. hxg6 Rf6 27.
Qd4 Qxd4 28. Rxd4 Rd6 29. gxf7 Kxf7 30. f4 Kf6 31. g4 Bc8 32. Bf3 a5 33. Kf2 b5
34. Ke3 b4 35. Rc4 Bd7 36. Kd4 Rb6 37. Kc5 Rb5+ 38. Kd6 Be8 39. Rc5 a4 40. Rxb5
Bxb5 41. Bd1 Bc4 42. Kc5 b3 43. Bxb3 Bxb3 44. a3 Ke7 45. f5 Bd1 46. d6+ Kd7 47.
Kd5 Bxg4 48. Ke5 Bxf5 49. Kxf5 Kxd6 0-1

[Event "Amagermesterskabet 2009"]
[Site "Sundbyoster"]
[Date "2009.10.13"]
[Round "6"]
[White "Andersen, Henrik Hauge"]
[Black "Petersen, Nils"]
[Result "1/2-1/2"]
[WhiteElo "1731"]
[BlackElo "1845"]
[PlyCount "53"]
[EventDate "2009.??.??"]

1. e4 c5 2. Nf3 e6 3. d4 cxd4 4. Nxd4 Nc6 5. Nc3 a6 6. Be2 Qc7 7. O-O Nf6 8.
Be3 b5 9. Nxc6 dxc6 10. f4 Bb7 11. Bf3 Rd8 12. Qe2 Be7 13. e5 Nd5 14. Nxd5 cxd5
15. Qf2 Rc8 16. c3 O-O 17. Bd4 Bc5 18. Bxc5 Qxc5 19. Qxc5 Rxc5 20. a3 a5 21.
Rfd1 f6 22. exf6 gxf6 23. Re1 Re8 24. Rad1 a4 25. Rd2 Re7 26. Rde2 Bc8 27. Kf2
1/2-1/2

[Event "Amagermesterskabet 2009"]
[Site "Sundbyoster"]
[Date "2009.10.13"]
[Round "6"]
[White "Andreasen, Rene"]
[Black "Friis, Jordy"]
[Result "1/2-1/2"]
[WhiteElo "1769"]
[BlackElo "1548"]
[PlyCount "59"]
[EventDate "2009.??.??"]

1. d4 d5 2. Nf3 e6 3. e3 f5 4. Ne5 Nf6 5. Nd2 c6 6. Bd3 Bd6 7. Ndf3 Qe7 8. Qe2
O-O 9. b3 b6 10. Bb2 Bb7 11. h3 Nbd7 12. Nxd7 Qxd7 13. g4 Ne4 14. gxf5 exf5 15.
O-O-O Qe7 16. Rdg1 Rf7 17. h4 b5 18. Ng5 Rff8 19. Qh5 Nf6 20. Qf3 Ne4 21. Qh5
Nf6 22. Qf3 Ne4 23. Qg2 a5 24. Bxe4 fxe4 25. Ne6 Rf7 26. Ng5 Rf6 27. Nh3 Rg6
28. Qf1 Rxg1 29. Qxg1 a4 30. Qg5 1/2-1/2

[Event "Amagermesterskabet 2009"]
[Site "Sundbyoster"]
[Date "2009.10.13"]
[Round "6"]
[White "Gade, Jens"]
[Black "Haagen Larsen, Hans"]
[Result "1/2-1/2"]
[WhiteElo "1454"]
[BlackElo "1652"]
[PlyCount "143"]
[EventDate "2009.??.??"]

1. f4 d5 2. Nf3 Nf6 3. e3 Bf5 4. Be2 e6 5. O-O Be7 6. b3 Nbd7 7. Bb2 h5 8. Ne5
c6 9. c4 Qb6 10. Nc3 Nxe5 11. fxe5 Ng4 12. Bxg4 hxg4 13. Na4 Qa6 14. d3 O-O-O
15. Bd4 b6 16. Nb2 Rh4 17. g3 Rh7 18. Qe2 Kb8 19. Bc3 Qb7 20. e4 dxe4 21. dxe4
Bg6 22. Qxg4 Bh5 23. Qf4 g5 24. Qc1 Bc5+ 25. Kg2 Bg4 26. Qxg5 Bh3+ 27. Kf3 Be7
28. Qf4 Bxf1 29. Rxf1 Ba3 30. Rf2 Rh3 31. Kg2 Rdh8 32. Kh1 b5 33. Rg2 Bf8 34.
Qd2 Be7 35. Qd3 b4 36. Be1 Rd8 37. Qf3 Bc5 38. Nd3 Bf8 39. Nf4 Rh7 40. Qe3 c5
41. Nd3 Rd4 42. Re2 Bh6 43. Nxc5 Bxe3 44. Nxb7 Kxb7 45. Rxe3 a5 46. g4 Rd1 47.
Kg2 Rc1 48. Re2 Kc6 49. Kf3 Rh3+ 50. Kf4 Rd1 51. Bg3 Rh7 52. g5 Kd7 53. Kg4 Ke7
54. h4 Rd3 55. Bf4 a4 56. bxa4 Rc3 57. h5 Rxc4 58. g6 fxg6 59. hxg6 Rh1 60. Kg5
Rc8 61. Rg2 Rc4 62. g7 Kf7 63. g8=Q+ Kxg8 64. Kf6+ Kh8 65. Kxe6 Rxe4 66. Bg5
Kh7 67. Bf6 Rhe1 68. a5 R1e2 69. Rg7+ Kh6 70. Kf7 Rxa2 71. Rg6+ Kh7 72. Rg7+
1/2-1/2

[Event "Amagermesterskabet 2009"]
[Site "Sundbyoster"]
[Date "2009.10.13"]
[Round "6"]
[White "Hansen, Benny"]
[Black "Lunding, Peter M"]
[Result "0-1"]
[WhiteElo "1218"]
[BlackElo "1933"]
[PlyCount "70"]
[EventDate "2009.??.??"]

1. e4 e6 2. d4 d5 3. Nc3 Bb4 4. e5 Ne7 5. Bd3 c5 6. Bd2 Bxc3 7. Bxc3 cxd4 8.
Bxd4 Nbc6 9. Bc3 d4 10. Bd2 Nxe5 11. Be2 Bd7 12. Nf3 Nxf3+ 13. Bxf3 Bc6 14.
Bxc6+ Nxc6 15. Qe2 Qd5 16. O-O O-O 17. a3 Rad8 18. Qd3 e5 19. Rfe1 f5 20. f3
Rde8 21. Rad1 e4 22. fxe4 fxe4 23. Qg3 Re6 24. h4 Rg6 25. Qh3 Ne5 26. Kh1 Ng4
27. Rf1 Rxf1+ 28. Rxf1 h5 29. Kg1 e3 30. Bb4 a5 31. Rf8+ Kh7 32. Be1 Qc4 33.
Qf3 Qxc2 34. Qf7 Nf6 35. Qxb7 Ne4 0-1

[Event "Amagermesterskabet 2009"]
[Site "Sundbyoster"]
[Date "2009.10.13"]
[Round "6"]
[White "Hestehauge, Klaus"]
[Black "Nielsen, Mogens Bach"]
[Result "1/2-1/2"]
[WhiteElo "1925"]
[BlackElo "1831"]
[PlyCount "46"]
[EventDate "2009.??.??"]

1. d4 d5 2. Nf3 c6 3. c3 Bf5 4. Bf4 e6 5. e3 Qb6 6. Qb3 Be7 7. Nbd2 Nd7 8. Be2
h6 9. O-O Ngf6 10. h3 O-O 11. Ne5 Nxe5 12. Bxe5 Qxb3 13. Nxb3 Nd7 14. Bg3 a5
15. Nc1 a4 16. Bd3 Bxd3 17. Nxd3 c5 18. a3 Rfc8 19. Rfd1 Ra6 20. Rac1 cxd4 21.
cxd4 Rac6 22. Rxc6 Rxc6 23. Rc1 Rxc1+ 1/2-1/2

[Event "Amagermesterskabet 2009"]
[Site "Sundbyoster"]
[Date "2009.10.13"]
[Round "6"]
[White "Jensen, Thore Nyboe"]
[Black "Madsen, Poul Henrik"]
[Result "1-0"]
[WhiteElo "1989"]
[BlackElo "2015"]
[PlyCount "67"]
[EventDate "2009.??.??"]

1. e4 c6 2. d4 d5 3. Nc3 dxe4 4. Nxe4 Nf6 5. Nxf6+ exf6 6. Bc4 Bd6 7. Qe2+ Qe7
8. Qxe7+ Kxe7 9. Ne2 Be6 10. Bd3 Re8 11. c4 Nd7 12. O-O a6 13. Nc3 Bb4 14. d5
Ne5 15. Be2 Bf5 16. Be3 Kf8 17. dxc6 bxc6 18. Na4 Rad8 19. Nc5 Bg4 20. Bxg4
Nxg4 21. Nxa6 Nxe3 22. fxe3 Bd2 23. Rf3 Bxe3+ 24. Kf1 Bd4 25. Rb1 Be5 26. g3
Rd2 27. Rf2 Red8 28. b4 Rxf2+ 29. Kxf2 Rd2+ 30. Kg1 Rxa2 31. b5 cxb5 32. cxb5
h5 33. Nb4 Ke8 34. Nxa2 1-0

[Event "Amagermesterskabet 2009"]
[Site "Sundbyoster"]
[Date "2009.10.13"]
[Round "6"]
[White "Justesen, Martin"]
[Black "Larsen, Ulrik Jejlskov"]
[Result "0-1"]
[WhiteElo "1557"]
[BlackElo "1541"]
[PlyCount "52"]
[EventDate "2009.??.??"]

1. e4 d5 2. exd5 Qxd5 3. Nc3 Qa5 4. d4 Nf6 5. Nf3 Bf5 6. Bc4 e6 7. Bd2 c6 8.
Nd5 Qd8 9. Nxf6+ gxf6 10. Bc3 Nd7 11. Qe2 Nb6 12. Bb3 Bh6 13. Nh4 Bg6 14. Nxg6
hxg6 15. O-O Nd5 16. Bd2 Qd6 17. Bxh6 Rxh6 18. g3 O-O-O 19. f4 f5 20. Qe5 Qxe5
21. dxe5 Ne3 22. Rfe1 Ng4 23. Re2 Rh3 24. Kg2 Rxh2+ 25. Kf3 Rd2 26. Rxd2 Rxd2
0-1

[Event "Amagermesterskabet 2009"]
[Site "Sundbyoster"]
[Date "2009.10.13"]
[Round "6"]
[White "Kokholm, Daniel"]
[Black "Werner, Gert"]
[Result "1-0"]
[WhiteElo "1899"]
[BlackElo "1796"]
[PlyCount "57"]
[EventDate "2009.??.??"]

1. d4 Nf6 2. Nc3 d5 3. e4 dxe4 4. f3 exf3 5. Nxf3 g6 6. Bc4 Bg7 7. Bf4 O-O 8.
Qd2 Bg4 9. O-O-O Nc6 10. d5 Na5 11. Be2 e6 12. Nb5 Nxd5 13. Qxa5 Nxf4 14. Rxd8
Nxe2+ 15. Kd1 Rfxd8+ 16. Kxe2 Rd5 17. Rd1 Bxf3+ 18. gxf3 Re5+ 19. Kf2 b6 20.
Qa6 c6 21. Nc7 Rf8 22. b4 Rh5 23. Kg1 Be5 24. Qxa7 Rxh2 25. Qxb6 Rxc2 26. a4
Rc8 27. Na6 Bf6 28. Qb7 Rf8 29. Nc5 1-0

[Event "Amagermesterskabet 2009"]
[Site "Sundbyoster"]
[Date "2009.10.20"]
[Round "6"]
[White "Mollmann, Erik"]
[Black "Moller, Arne Vagn"]
[Result "0-1"]
[WhiteElo "1459"]
[BlackElo "1735"]
[PlyCount "78"]
[EventDate "2009.??.??"]

1. d4 Nf6 2. Bf4 e6 3. e3 Be7 4. Nd2 d6 5. Bd3 Nbd7 6. c3 Nf8 7. Ne4 Ng6 8.
Nxf6+ Bxf6 9. Bg3 Bd7 10. Nf3 Qe7 11. h4 O-O-O 12. h5 Nf8 13. Qb3 e5 14. Be4 c6
15. d5 cxd5 16. Bxd5 Be6 17. O-O-O Kb8 18. Bh4 Bxd5 19. Rxd5 g5 20. Bg3 Ne6 21.
Nd2 Nc5 22. Qc2 e4 23. Nc4 Nd3+ 24. Kb1 Be5 25. Nxe5 dxe5 26. Ra5 f6 27. Qa4 b6
28. Rb5 Nc5 29. Qb4 Qd6 30. Rxc5 Qxc5 31. Qxe4 Rd2 32. Qf5 Qd6 33. Kc1 Rd8 34.
Qg4 Qd3 35. Qa4 Qe2 36. Qb3 Qa6 37. f4 Rxg2 38. Be1 Qe2 39. c4 Rd1+ 0-1

[Event "Amagermesterskabet 2009"]
[Site "Sundbyoster"]
[Date "2009.10.13"]
[Round "6"]
[White "Nielsen, Bjorn"]
[Black "Larsen, Julie"]
[Result "0-1"]
[WhiteElo "1000"]
[BlackElo "1261"]
[PlyCount "134"]
[EventDate "2009.??.??"]

1. d4 d5 2. Nc3 Nf6 3. Nf3 Bg4 4. e3 Nc6 5. Be2 e6 6. Ne5 Bxe2 7. Qxe2 Nxe5 8.
dxe5 Nd7 9. Qb5 b6 10. O-O Be7 11. Rd1 O-O 12. e4 Nxe5 13. exd5 exd5 14. Qxd5
Bd6 15. Be3 Qf6 16. Ne4 Qg6 17. Nxd6 cxd6 18. c3 Rad8 19. Bf4 Qf6 20. Bxe5 dxe5
21. Qb3 Kh8 22. Qc2 Rd6 23. Re1 Re8 24. Re2 Qg5 25. Rd1 Red8 26. Rxd6 Rxd6 27.
h3 g6 28. f3 Qg3 29. Rf2 f5 30. c4 h5 31. b4 Qf4 32. a3 g5 33. c5 bxc5 34. bxc5
Rd4 35. c6 Rc4 36. Qe2 Rc1+ 37. Rf1 Qd4+ 38. Kh1 Rxc6 39. Rd1 Qc5 40. Qd2 Qe7
41. Qd8+ Qxd8 42. Rxd8+ Kg7 43. Rd7+ Kf6 44. Rxa7 e4 45. fxe4 fxe4 46. Kg1 Kf5
47. Rf7+ Ke5 48. Rf2 g4 49. hxg4 hxg4 50. g3 Kd4 51. Re2 Rf6 52. Kg2 Kd3 53.
Ra2 e3 54. a4 e2 55. Ra3+ Kc2 56. Ra2+ Kd1 57. Ra1+ Kd2 58. Ra2+ Ke3 59. Ra3+
Kd4 60. Ra1 Kc3 61. Re1 Kd2 62. Ra1 e1=Q 63. Ra2+ Kd3 64. Ra3+ Kd4 65. Ra2 Qe4+
66. Kg1 Qb1+ 67. Kg2 Qxa2+ 0-1

[Event "Amagermesterskabet 2009"]
[Site "Sundbyoster"]
[Date "2009.10.19"]
[Round "6"]
[White "Sorensen, Rikke"]
[Black "Mielow, Bjarne"]
[Result "0-1"]
[WhiteElo "1300"]
[BlackElo "1621"]
[PlyCount "66"]
[EventDate "2009.??.??"]

1. e4 e5 2. Nf3 Nc6 3. Bc4 Nf6 4. Ng5 d5 5. exd5 Nxd5 6. Nxf7 Kxf7 7. Qf3+ Ke6
8. Nc3 Ncb4 9. Nxd5 Nxd5 10. d4 c6 11. O-O Kd6 12. dxe5+ Kc7 13. Rd1 Be6 14.
Bb3 Qd7 15. h3 Rd8 16. c4 Qf7 17. Qxf7+ Bxf7 18. cxd5 Bxd5 19. Bxd5 Rxd5 20.
Rxd5 cxd5 21. Be3 b6 22. Rc1+ Kb7 23. Bd4 Be7 24. f4 g5 25. f5 Rc8 26. Rxc8
Kxc8 27. f6 Bf8 28. e6 Bh6 29. g4 Kc7 30. Be5+ Kc6 31. Kf2 d4 32. Bxd4 Kd6 33.
e7 Ke6 0-1

[Event "Amagermesterskabet 2009"]
[Site "Sundbyoster"]
[Date "2009.10.13"]
[Round "6"]
[White "Svensson, John Michael"]
[Black "Larsen, Kim"]
[Result "0-1"]
[WhiteElo "1514"]
[BlackElo "1593"]
[PlyCount "88"]
[EventDate "2009.??.??"]

1. d4 f5 2. Nf3 Nf6 3. e3 g6 4. Bc4 e6 5. Nc3 d5 6. Be2 Bg7 7. Ne5 O-O 8. h4
Ne4 9. Bd2 Nd7 10. Nf3 Ndf6 11. Ne5 Nd7 12. Nd3 Ndf6 13. Bf3 Nxd2 14. Qxd2 Ne4
15. Qe2 b6 16. g4 Ba6 17. gxf5 exf5 18. Qd1 Qd6 19. a3 Rae8 20. Ne2 c5 21. c3
cxd4 22. cxd4 Rf7 23. Ndf4 Bxe2 24. Nxe2 Rfe7 25. Kf1 Bh6 26. Bxe4 fxe4 27. Kg2
Rf8 28. Ng1 Ref7 29. Nh3 Qf6 30. Qg4 Rg7 31. Rhf1 Qf5 32. Qxf5 gxf5+ 33. Kh2 f4
34. Rg1 fxe3 35. Rxg7+ Kxg7 36. Rg1+ Kh8 37. fxe3 Bxe3 38. Rg2 Bxd4 39. Ng5
Be5+ 40. Kg1 h6 41. Ne6 Rf6 42. Nd8 e3 43. h5 d4 44. Re2 d3 0-1

[Event "Amagermesterskabet 2009"]
[Site "Sundbyoster"]
[Date "2009.10.20"]
[Round "6"]
[White "Varming, Thomas"]
[Black "Falkesgaard, Jorgen"]
[Result "1-0"]
[WhiteElo "1760"]
[BlackElo "1773"]
[PlyCount "65"]
[EventDate "2009.??.??"]

1. d4 Nf6 2. c4 g6 3. Nc3 d5 4. cxd5 Nxd5 5. e4 Nxc3 6. bxc3 Bg7 7. Bc4 c5 8.
Ne2 O-O 9. O-O cxd4 10. cxd4 Nc6 11. Be3 Bg4 12. f3 Na5 13. Bd3 Be6 14. d5 Bxa1
15. Qxa1 f6 16. Bd4 Bf7 17. Bc5 b6 18. Bb4 Nc6 19. Ba3 Ne5 20. Ba6 g5 21. Nd4
Rb8 22. Nf5 Re8 23. Bb5 Rb7 24. h4 Bg6 25. Nh6+ Kg7 26. hxg5 Nd7 27. Ng4 a6 28.
Bc6 Rc7 29. gxf6+ exf6 30. Qc1 Ne5 31. Qh6+ Kf7 32. Bxe8+ Qxe8 33. Qf4 1-0

[Event "Amagermesterskabet 2009"]
[Site "Sundbyoster"]
[Date "2009.10.27"]
[Round "7"]
[White "Falkesgaard, Jorgen"]
[Black "Jensen, Thore Nyboe"]
[Result "0-1"]
[WhiteElo "1773"]
[BlackElo "1989"]
[PlyCount "98"]
[EventDate "2009.??.??"]

1. e4 c5 2. Nf3 e6 3. c3 d5 4. exd5 exd5 5. d4 Nc6 6. Bf4 Nf6 7. dxc5 Bxc5 8.
Bb5 Qe7+ 9. Qe2 Qxe2+ 10. Bxe2 O-O 11. O-O Re8 12. Bd3 Bg4 13. Nbd2 Nh5 14. Bg3
Nxg3 15. hxg3 Bb6 16. Rfe1 f6 17. Rxe8+ Rxe8 18. Kf1 Kf7 19. Nb3 Ne5 20. Bb5
Re7 21. Nbd4 a6 22. Be2 Bxf3 23. Bxf3 Nxf3 24. Nxf3 Re4 25. Rd1 Ke6 26. b3 g6
27. Nd2 Rg4 28. Re1+ Kd7 29. Ke2 d4 30. Kf3 Rg5 31. Nc4 Ba7 32. cxd4 Rf5+ 33.
Ke2 Rd5 34. Rd1 Rxd4 35. Rxd4+ Bxd4 36. f3 h5 37. Kd3 Bf2 38. g4 hxg4 39. fxg4
Kc6 40. g5 fxg5 41. Ne5+ Kd5 42. Nxg6 Bc5 43. a4 b6 44. g3 Bd6 45. g4 a5 46.
Ke3 Ba3 47. Kd3 Bc5 48. Ke2 Ke6 49. Kf3 Kf6 0-1

[Event "Amagermesterskabet 2009"]
[Site "Sundbyoster"]
[Date "2009.10.27"]
[Round "7"]
[White "Friis, Jordy"]
[Black "Sorensen, Rikke"]
[Result "1-0"]
[WhiteElo "1548"]
[BlackElo "1300"]
[PlyCount "149"]
[EventDate "2009.??.??"]

1. e4 e5 2. Nf3 Nc6 3. Bc4 Be7 4. d4 d6 5. d5 Nb4 6. a3 Na6 7. Bxa6 bxa6 8. Qd3
Nf6 9. O-O O-O 10. c4 Qd7 11. Nc3 Bb7 12. b4 Rfc8 13. h3 c6 14. Be3 Nh5 15. Ne2
Rc7 16. Rfc1 Bc8 17. Rab1 f5 18. exf5 Qxf5 19. Qxf5 Bxf5 20. Rb3 Rac8 21. dxc6
Rxc6 22. g4 Rxc4 23. Rxc4 Rxc4 24. gxf5 e4 25. Nfd4 d5 26. Rc3 a5 27. Rxc4 dxc4
28. Nc6 Bf6 29. Nf4 Nxf4 30. Bxf4 axb4 31. Nxb4 Kf7 32. Kf1 g6 33. fxg6+ Kxg6
34. Ke2 Kf5 35. Bg3 c3 36. Nc2 Ke6 37. Ke3 Kd5 38. Bb8 a6 39. Bc7 Bh4 40. Bf4
Kc4 41. Bg3 Bxg3 42. fxg3 Kb3 43. Nd4+ Kxa3 44. Kxe4 Kb2 45. Kd3 a5 46. Nb5 a4
47. g4 a3 48. Nxa3 Kxa3 49. Kxc3 Ka4 50. Kc4 Ka5 51. Kc5 Ka6 52. Kc6 Ka5 53.
Kd6 Kb6 54. Ke7 Kc7 55. Kf7 Kd6 56. Kg7 Ke5 57. Kxh7 Kf4 58. Kh6 Kg3 59. g5
Kxh3 60. g6 Kg4 61. g7 Kf4 62. g8=Q Ke5 63. Qg5+ Ke4 64. Kg6 Kd4 65. Qf4+ Kd5
66. Kf5 Kc6 67. Qe5 Kb6 68. Qc3 Kb5 69. Ke5 Kb6 70. Kd6 Kb5 71. Kd5 Kb6 72.
Qc6+ Ka5 73. Qb7 Ka4 74. Kc4 Ka5 75. Qb5# 1-0

[Event "Amagermesterskabet 2009"]
[Site "Sundbyoster"]
[Date "2009.10.27"]
[Round "7"]
[White "Gade, Jens"]
[Black "Andersen, Henrik Hauge"]
[Result "0-1"]
[WhiteElo "1454"]
[BlackElo "1731"]
[PlyCount "110"]
[EventDate "2009.??.??"]

1. f4 d5 2. Nf3 g6 3. e3 Bg7 4. Be2 Nf6 5. O-O O-O 6. d4 Bf5 7. Nc3 Nbd7 8. Ne5
Ne4 9. Nxe4 Bxe4 10. c4 c6 11. Qb3 Qc7 12. Bd2 e6 13. Rac1 Nf6 14. Qa3 Rfd8 15.
Bb4 a5 16. Be1 Bf8 17. c5 b6 18. Bh4 Kg7 19. Qa4 bxc5 20. dxc5 Rdc8 21. Qd4 Be7
22. Ng4 Qd8 23. Bg5 h5 24. Ne5 Kg8 25. g4 hxg4 26. Nxg4 Nxg4 27. Bxe7 Qxe7 28.
Bxg4 Rcb8 29. Be2 Rb4 30. Qc3 Rab8 31. b3 a4 32. Bd1 axb3 33. axb3 Qd8 34. Rf2
d4 35. exd4 Rxd4 36. Bc2 Bxc2 37. Qxc2 Qf6 38. Qc3 Rbb4 39. Rcf1 Qf5 40. Kh1
Qd5+ 41. Kg1 Rxb3 42. Qe1 Qxc5 43. Qe5 Qxe5 44. fxe5 Rb7 45. Rc2 Rc7 46. Re1 c5
47. Kf2 c4 48. Re3 Kg7 49. Kf3 Rc5 50. Re4 Rd3+ 51. Kf4 c3 52. Re3 Rxe3 53.
Kxe3 Rxe5+ 54. Kd4 Rd5+ 55. Kxc3 Rc5+ 0-1

[Event "Amagermesterskabet 2009"]
[Site "Sundbyoster"]
[Date "2009.10.27"]
[Round "7"]
[White "Kokholm, Daniel"]
[Black "Hansen, Benny"]
[Result "1-0"]
[WhiteElo "1899"]
[BlackElo "1218"]
[PlyCount "117"]
[EventDate "2009.??.??"]

1. d4 Nf6 2. Nc3 d6 3. e4 g6 4. f3 Bg7 5. Be3 a6 6. Qd2 b5 7. O-O-O O-O 8. Bh6
e6 9. h4 Nbd7 10. Re1 c5 11. dxc5 Nxc5 12. h5 Nxh5 13. Bxg7 Kxg7 14. g4 Nf6 15.
Qh6+ Kh8 16. Rd1 e5 17. Rd2 Rg8 18. Nd5 Ncd7 19. Rdh2 Rg7 20. Qg5 Bb7 21. Nc3
Rc8 22. Qd2 Nf8 23. Nh3 Ne6 24. Ne2 d5 25. exd5 Bxd5 26. Bg2 Qc7 27. Kb1 a5 28.
Rc1 Qd6 29. Rd1 Rc6 30. g5 Nh5 31. Qxd5 Qxd5 32. Rxd5 Rc5 33. Rxc5 Nxc5 34. Rh1
Rg8 35. Rd1 Ne6 36. Nc3 Rd8 37. Rxd8+ Nxd8 38. Nxb5 Ne6 39. Nd6 Kg8 40. Nc4
Nhf4 41. Nxf4 Nxf4 42. Bf1 Kg7 43. Nd2 h6 44. gxh6+ Kxh6 45. c4 f5 46. c5 g5
47. Nc4 e4 48. fxe4 fxe4 49. Ne3 Kg6 50. a3 Kf6 51. Kc2 Ke5 52. Kc3 Nd5+ 53.
Nxd5 Kxd5 54. b4 axb4+ 55. axb4 g4 56. Bg2 Ke5 57. c6 e3 58. c7 e2 59. Kd2 1-0